Southville International School and Colleges
Your cart is empty.
  • Cart
  • Lists
    Public lists Eva Luna New books Lux_list list_1
    Your lists Log in to create your own lists
  • Log in to your account
  • Your cookies
  • Search history
Southville International School and Colleges
  • Advanced search
  • Recent comments
  • Most popular
  • Libraries

Log in to your account

Log in with GOOGLE


If you do not have an external account, but do have a local account, you can still log in:

  1. Home
  2. MARC view: Writing analytically /
Normal view MARC view ISBD view

Writing analytically / (Record no. 367558)

[ view plain ]
MARC details
000 -LEADER
fixed length control field 00733nam a22002417a 4500
003 - CONTROL NUMBER IDENTIFIER
control field 0
005 - DATE AND TIME OF LATEST TRANSACTION
control field 20250822090305.0
008 - FIXED-LENGTH DATA ELEMENTS--GENERAL INFORMATION
fixed length control field 250822b xxu||||| |||| 00| 0 eng d
020 ## - INTERNATIONAL STANDARD BOOK NUMBER
International Standard Book Number 978-0-357-79365-7
050 ## - LIBRARY OF CONGRESS CALL NUMBER
Classification number LB 2369
Item number .R67 2024
100 ## - MAIN ENTRY--PERSONAL NAME
Personal name Rosenwasser, David,
Relator term author.
245 ## - TITLE STATEMENT
Title Writing analytically /
Statement of responsibility, etc David Rosenwasser and Jill Stephen.
250 ## - EDITION STATEMENT
Edition statement 9th ed.
260 ## - PUBLICATION, DISTRIBUTION, ETC. (IMPRINT)
Place of publication, distribution, etc Boston, MA :
Name of publisher, distributor, etc Cengage,
Date of publication, distribution, etc 2024.
300 ## - PHYSICAL DESCRIPTION
Extent xxxi, 474 pages ;
Dimensions 23 cm.
504 ## - BIBLIOGRAPHY, ETC. NOTE
Bibliography, etc Includes index.
650 ## - SUBJECT ADDED ENTRY--TOPICAL TERM
Topical term or geographic name as entry element Thesis writing.
650 ## - SUBJECT ADDED ENTRY--TOPICAL TERM
Topical term or geographic name as entry element Research.
650 ## - SUBJECT ADDED ENTRY--TOPICAL TERM
Topical term or geographic name as entry element Academic writing
General subdivision Study and teaching (Higher).
650 ## - SUBJECT ADDED ENTRY--TOPICAL TERM
Topical term or geographic name as entry element Report writing
General subdivision Study and teaching (Higher).
700 ## - ADDED ENTRY--PERSONAL NAME
Personal name Stephen, Jill,
Relator term author.
942 ## - ADDED ENTRY ELEMENTS (KOHA)
Source of classification or shelving scheme Library of Congress Classification
Koha item type Books
Holdings
Withdrawn status Lost status Source of classification or shelving scheme Damaged status Home library Current library Shelving location Date acquired Source of acquisition Sub Shelving location Total Checkouts Full call number Barcode Date last seen Price effective from Koha item type
    Library of Congress Classification   College Library College Library Reserve Section 06/04/2025 Library Fund     LB 2369 .R67 2024 C24644 08/22/2025 08/22/2025 Books

Writing analytically /

APA

Rosenwasser D., Stephen J., . (2024). Writing analytically. Boston, MA: Cengage.

Chicago

Rosenwasser David, Stephen Jill, . 2024. Writing analytically. Boston, MA: Cengage.

Harvard

Rosenwasser D., Stephen J., . (2024). Writing analytically. Boston, MA: Cengage.

MLA

Rosenwasser David, Stephen Jill, . Writing analytically. Boston, MA: Cengage. 2024.

  • Place hold
  • Print
  • Cite
  • Add to your cart (remove)
  • Save record
    BIBTEX Dublin Core MARCXML MARC (non-Unicode/MARC-8) MARC (Unicode/UTF-8) MARC (Unicode/UTF-8, Standard) MODS (XML) RIS
  • More searches
    Search for this title in:
    Other Libraries (WorldCat) Other Databases (Google Scholar) Online Stores (Bookfinder.com) Open Library (openlibrary.org)

Exporting to Dublin Core...

SOUTHVILLE LIBRARY

Southville International School and Colleges Library

1281 Tropical Ave. Cor. Luxembourg St., BF Homes International, Las Pinas City

Tel. No. 8256374 / 252358 Loc. 117/146

Powered by Koha